The hundred wagons (Record no. 121344)
[ view plain ]
| 000 -LEADER | |
|---|---|
| fixed length control field | 00608cam a22002291 4500 |
| 001 - CONTROL NUMBER | |
| control field | 461771 |
| 003 - CONTROL NUMBER IDENTIFIER | |
| control field | ARRUPE |
| 005 - DATE AND TIME OF LATEST TRANSACTION | |
| control field | 20141219165208.0 |
| 008 - FIXED-LENGTH DATA ELEMENTS--GENERAL INFORMATION | |
| fixed length control field | 860415s1946 enk 000 0 eng |
| 035 ## - SYSTEM CONTROL NUMBER | |
| System control number | (OCoLC)264373649 |
| 035 ## - SYSTEM CONTROL NUMBER | |
| System control number | (OCoLC)ocn264373649 |
| 035 ## - SYSTEM CONTROL NUMBER | |
| System control number | (CStRLIN)NYCG86-B38450 |
| 035 ## - SYSTEM CONTROL NUMBER | |
| System control number | (NNC)461771 |
| 040 ## - CATALOGING SOURCE | |
| Modifying agency | NNC |
| Transcribing agency | DLC |
| 050 ## - LIBRARY OF CONGRESS CALL NUMBER | |
| Classification number | PZ3. G1314. H8 |
| 300 ## - PHYSICAL DESCRIPTION | |
| Dimensions | 19 cm. |
| 100 1# - MAIN ENTRY--PERSONAL NAME | |
| Personal name | Gale, W. D. |
| Fuller form of name | (William Daniel) |
| 9 (RLIN) | 3827 |
| 245 14 - TITLE STATEMENT | |
| Title | The hundred wagons |
| Remainder of title | a novel, |
| Statement of responsibility, etc | by William Gale. |
| 260 ## - PUBLICATION, DISTRIBUTION, ETC. (IMPRINT) | |
| Place of publication, distribution, etc | London, |
| Name of publisher, distributor, etc | J. Long |
| Date of publication, distribution, etc | [1946] |
| 300 ## - PHYSICAL DESCRIPTION | |
| Extent | 208 p. |
| 942 ## - ADDED ENTRY ELEMENTS (KOHA) | |
| Source of classification or shelving scheme | Library of Congress Classification |
| Koha item type | Monograph ( Printed materials) |
| Withdrawn status | Lost status | Source of classification or shelving scheme | Damaged status | Not for loan | Home library | Current library | Date acquired | Total Checkouts | Full call number | Barcode | Date last seen | Price effective from | Koha item type |
|---|---|---|---|---|---|---|---|---|---|---|---|---|---|
| Library of Congress Classification | ARRUPE LIBRARY | ARRUPE LIBRARY | 28/11/2014 | PZ3. G1314. H8 | 46500003580 | 02/07/2019 | 28/11/2014 | Monograph ( Printed materials) |